000 00300 a2200133 4500
001 153969
040 _cEscola São Tomás de Aquino
100 _aMACHADO, Ana Maria
240 1 0 _aQuem me dera
_lpor
245 1 0 _aQuem me dera
440 1 _aÁtica
697 _a*LITERATURA INFANTIL
942 _cBK
999 _c153969
_d153969